000
00323 a2200157 4500
001
193127
020
_a
978-85-08-17191-0
040
_c
Magnum
100
_a
França, Mary
240
1
0
_a
O aniversario
_l
por
245
1
0
_a
O aniversario
300
_a
16
362
0
_a
2015
697
_a
LITERATURA INFANTIL
942
_c
BK
999
_c
193127
_d
193127